000 00633nam a22002057a 4500
942 _cBK
999 _c639
_d639
005 20250420134819.0
008 200816b ||||| |||| 00| 0 eng d
020 _a9789771456681
040 _cKCST
082 _a331.7
_bHe
100 _aHegazi, Amir
_95156
245 _aStartup Arabia :
_bStories and Advice from Top Tech Entrepreneurs in the Arab World /
_cAmir Hegazi
260 _aEgypt:
_bNahdet Misr publishing,
_c2018.
300 _a421 p.
650 _a Startup
_vMiddle East.
_95153
650 _aEntrepreneurship
_vMiddle East.
_95154
650 _aCompanies
_vCreation
_vMiddle East.
_95155
942 _2ddc